Technology trade with the Middle East

Salvato in:
Dettagli Bibliografici
Autore principale: Emery, James J.
Natura: Libro
Lingua:Undetermined
Pubblicazione: Boulder, Colorado Westview Press 1986
Soggetti:
Tags: Aggiungi Tag
Nessun Tag, puoi essere il primo ad aggiungerne! !
Thư viện lưu trữ: Trung tâm Học liệu Trường Đại học Cần Thơ
LEADER 00624nam a2200205Ia 4500
001 CTU_107320
008 210402s9999 xx 000 0 und d
082 |a 338.926 
082 |b E53 
100 |a Emery, James J. 
245 0 |a Technology trade with the Middle East 
245 0 |c James J. Emery, Norman A. Graham, Michael F. Oppenheimer 
260 |a Boulder, Colorado 
260 |b Westview Press 
260 |c 1986 
650 |a High technology industries,Technology transfer,Middle east 
650 |x Commerce 
650 |z Middle east. 
904 |i Minh 
980 |a Trung tâm Học liệu Trường Đại học Cần Thơ